| 000 | 00618cam a22002291 4500 | ||
|---|---|---|---|
| 001 | sa 68006375 | ||
| 003 | DLC | ||
| 005 | 20260227112516.0 | ||
| 008 | 710915m19669999ii 000 0 eng | ||
| 010 | _asa 68006375 | ||
| 025 | _aPL480:I-E-9288 | ||
| 040 |
_aDLC _cDLC _dDLC |
||
| 043 | _aa-ii--- | ||
| 050 | 0 | 0 |
_aHC437.A73 _bA534 |
| 082 | 0 | 0 | _a309.2/5/095484 |
| 110 | 1 |
_aAndhra Pradesh, India. _bPlanning Department. |
|
| 245 | 1 | 0 | _aFourth five-year plan: annual plan. |
| 260 |
_aHyderabad _c[1966- |
||
| 300 |
_av. _c25 cm. |
||
| 505 | 1 | _av. [1] 1966-67. | |
| 651 | 0 |
_aAndhra Pradesh (India) _xEconomic policy. |
|
| 999 |
_c81290 _d81290 |
||